000 00664nam a2200169Ia 4500
008 090711s9999 xx 000 0 und d
082 _b61798
100 _aशिंदे प्र. श.
245 _aसत्यनारायणाSो यश रहस्य अल्फा शक्ती
260 _c1988
300 _a64
600 _aशिंदे प्र. श.
630 _aसत्यनारायणाSो यश रहस्य अल्फा शक्ती
700 _aशिंदे प्र. श.
730 _aसत्यनारायणाSो यश रहस्य अल्फा शक्ती
942 _cBOOK
999 _c286653
_d286653